| 000 | 02218cam a2200397 a 4500 | ||
|---|---|---|---|
| 999 |
_c21555 _d21555 |
||
| 001 | 15579659 | ||
| 005 | 20170121152031.0 | ||
| 008 | 090108s2009 nyuab bc 001 0 eng | ||
| 010 | _a 2009000590 | ||
| 015 |
_aGBA906068 _2bnb |
||
| 016 | 7 |
_a014883441 _2Uk |
|
| 020 | _a9781588393104 (Metropolitan Museum of Art (hc)) | ||
| 020 | _a1588393100 (Metropolitan Museum of Art (hc)) | ||
| 020 | _a9780300148916 (Yale University Press (hc)) | ||
| 020 | _a0300148917 (Yale University Press (hc)) | ||
| 035 | _a(OCoLC)ocn299242897 | ||
| 050 | 0 | 0 | _aN7363.4.L44 2009 |
| 100 | 1 |
_aLee, Soyoung, _d1971- |
|
| 245 | 1 | 0 |
_aArt of the Korean Renaissance, 1400-1600 / _cSoyoung Lee ; with essays by JaHyun Kim Haboush, Sunpyo Hong, and Chin-Sung Chang. |
| 260 |
_aNew York : _bMetropolitan Museum of Art ; _aNew Haven : _bYale University Press, _cc2009. |
||
| 300 |
_axii, 128 p. : _bill. (chiefly col.), maps ; _c28 cm. |
||
| 500 | _aPublished in conjunction with an exhibition on view at the Metropolitan Museum of Art, New York, Mar. 17-June 21, 2009. | ||
| 504 | _aIncludes bibliographical references (p. 115-121) and index. | ||
| 505 | 0 | _aCreating a society of civil culture : the early Joseon, 1392-1592 / JaHyun Kim Haboush -- Art and patronage in the early Joseon / Soyoung Lee -- Peace under heaven : Confucianism and painting in early Joseon Korea / Sunpyo Hong and Chin-Sung Chang -- Checklist of objects in the exhibition / Soyoung Lee. | |
| 650 | 0 |
_aArt, Korean _yChosŏn dynasty, 1392-1910 _vExhibitions. |
|
| 700 | 1 | _aHaboush, JaHyun Kim. | |
| 700 | 1 |
_aHong, Sunpyo, _d1949- |
|
| 700 | 1 |
_aChang, Chin-Sung, _d1966- |
|
| 710 | 2 | _aMetropolitan Museum of Art (New York, N.Y.) | |
| 942 |
_2lcc _cBOOKS |
||